| 000 | 00679cam a22002292 4500 | ||
|---|---|---|---|
| 001 | 0000003783 | ||
| 005 | 20151217145740.0 | ||
| 008 | 070515s xx 000 0 eng d | ||
| 020 |
_a8121908558 : _cKES 420 |
||
| 040 |
_aKABU _cKABU |
||
| 050 | 0 |
_aQC522 _b.T49 2001 |
|
| 100 | 1 |
_aTewari, K. K. _@0000153931 |
|
| 245 | 1 | 0 |
_aElectricity and magnetism with electronics / _cK. K. Tewari. |
| 250 | _a3rd rev. ed. | ||
| 260 |
_aNew Delhi : _bS. Chand & Company, _c2001. |
||
| 300 |
_axvi, 912 p. ; _c22 cm. |
||
| 650 | 0 |
_aElectricity. _@0000153922 |
|
| 650 | 0 |
_aMagnetism. _@0000153921 |
|
| 908 | _a070515 | ||
| 950 | _@1 | ||
| 999 |
_c2236 _d2236 |
||